000 01098njm a22002777a 4500
005 20100918110424.0
006 a|||||r|||||00| 0
007 sd ammalaaahaa
008 100907t xxu||||| |||| 00| 0 eng d
028 _aECSD. 5905
_bHis Master's voice
035 _aGR-03589
100 _aAnuradha, Paudwal
_918693
245 _aHero /
_cby Anuradha Padwal; music by Laxmi kant Pyarelal; lyric by Anand Bakshi
_h[Sound recording]
246 _aचकमा /
260 _aDum Dum, India
_bHis master's voice
_c1983
300 _a1 sound disc [Gramophone Recording]
_banalog, 33 1/3rpm ;
_c12 in. (LP)
_fGramaphone Records
500 _aBrief record
500 _aRecord labels : His master's voice, Red
505 _aSide-1 (Too mera hero hai) (Anuradha Paudwal) Side--2 (Ding dong) (Anuradha Paudwal& Manhar Udhas )
600 _2Bhosle, Asha
650 _aHindi Classical
_xExcerpts
_zIndia
_918694
700 _920464
_aLaxmi kant Pyarelal
700 _920465
_aAnand Bakshi
942 _2ddc
_cGR
999 _c46673
_d46673